| 000 | 00903nac a22002171u 4500 | ||
|---|---|---|---|
| 010 | _a96149120 | ||
| 020 | _a1857283384 | ||
| 082 | 0 | 0 |
_a670 _bW329 |
| 090 |
_c1026 _d1026 |
||
| 100 | _aWaters, T. Frederick. | ||
| 245 | 1 | 0 |
_aFundamentals of manufacturing for engineers / _cT.F. Waters. |
| 260 |
_aLondon ; _aBristol, Pa. : _bUCL Press, _c1996. |
||
| 300 |
_ax, 321 p. : _bill. ; _c25 cm. |
||
| 504 | _aIncludes bibliographical references and index. | ||
| 650 | 0 | _aManufacturing processes. | |
| 650 | 0 | _aProduction engineering. | |
| 856 | 4 | 2 |
_3Publisher description _uhttp://www.loc.gov/catdir/enhancements/fy0646/96149120-d.html |
| 942 |
_cBB _k670W329 |
||
| 999 |
_c1026 _d1026 |
||